Estadísticas para Campeones de la Bundesliga

Haz click aquí para intentar la prueba.

Estadísticas generales

  • Esta prueba ha sido intentada 93 veces
  • La puntuación promedio es 71 de 111

Estadísticas de respuestas

TemporadaCampeón% Correcto
2019-2020Bayern de Múnich
100%
1931-1932 | 1971-1972 | 1972-1973 | +27 othersBayern de Múnich
99%
1968-1969 | 2007-2008Bayern Munich
99%
1955-1956 | 1956-1957 | 1962-1963 | +5 othersBorussia Dortmund
97%
1922-1923 | 1927-1928 | 1959-1960 | +3 othersHamburgo S.V.
85%
1933-1934 | 1934-1935 | 1936-1937 | +4 othersSchalke 04
73%
2008-2009VfL Wolfsburgo
70%
1969-1970 | 1970-1971 | 1974-1975 | +2 othersBorussia Mönchengladbach
69%
1949-1950 | 1951-1952 | 1983-1984 | +2 othersVfB Stuttgart
66%
1964-1965 | 1987-1988 | 1992-1993 | 2003-2004Werder Bremen
62%
1961-1962 | 1963-1964 | 1977-1978F. C. Colonia
54%
1902-1903 | 1905-1906 | 1912-1913VfB Leipzig
50%
1929-1930 | 1930-1931Hertha Berlin
42%
1950-1951 | 1952-1953 | 1990-1991 | 1997-19981. FC Kaiserslautern
35%
1919-1920 | 1920-1921 | 1923-1924 | +6 others1. F. C. Núremberg
34%
1965-1966TSV 1860 Munich
31%
1932-1933Fortuna Düsseldorf
28%
1906-1907Freiburger
26%
1937-1938 | 1953-1954Hannover 96
22%
1958-1959Eintracht Fráncfort
14%
1911-1912Holstein Kiel
11%
1940-1941SK Rapid Viena
8%
1966-1967Eintracht Brunswick
7%
1913-1914 | 1925-1926 | 1928-1929Greuther Fürth
5%
1907-1908 | 1910-1911B. F. C. Viktoria
4%
1909-1910Karlsruher FV
4%
1908-1909Phönix Karlsruhe
4%
1954-1955Rot-Weiss Essen
4%
1948-1949VfR Mannheim
4%
1904-1905Berliner F. C. Union
3%
1942-1943 | 1943-1944Dresdner SC
1%

Distribución de puntuación

Porcentaje por número respondido

Porcentaje de gente con cada puntuación

Historial de tus puntuaciones

No has intentado esta prueba.